Online Catalogue and eLibrary

Erasure of the Euro-Asian: (Record no. 4512)

MARC details
000 -LEADER
fixed length control field 00588nam a2200217Ia 4500
005 - DATE AND TIME OF LATEST TRANSACTION
control field 20250213003016.0
008 - FIXED-LENGTH DATA ELEMENTS--GENERAL INFORMATION
fixed length control field 240331s9999 xx 000 0 und d
020 ## - INTERNATIONAL STANDARD BOOK NUMBER
ISBN 9559102966
082 ## - DDC Classification
Item Number - Author Mark JAY
DDC Edition Number 6065
Class No. 305.5
100 ## - MAIN ENTRY--PERSONAL NAME
Personal name Jayawardena, K
245 #0 - TITLE STATEMENT
Title Erasure of the Euro-Asian:
Remainder of title Recovering Early Radicalism and Feminism in South Asia
260 ## - PUBLICATION, DISTRIBUTION, ETC.
Place of publication, distribution, etc. Colombo
Name of publisher, distributor, etc. Social Scientists' Association
Date of publication, distribution, etc. 2007
300 ## - PHYSICAL DESCRIPTION
Extent (e.g. Volumes, Pages etc.) iv, 312 p.,
650 ## - SUBJECT ADDED ENTRY--TOPICAL TERM
Topical term or geographic name entry element Eurasia
650 ## - SUBJECT ADDED ENTRY--TOPICAL TERM
Topical term or geographic name entry element South Asia
650 ## - SUBJECT ADDED ENTRY--TOPICAL TERM
Topical term or geographic name entry element Radicalism
650 ## - SUBJECT ADDED ENTRY--TOPICAL TERM
Topical term or geographic name entry element Feminism
650 ## - SUBJECT ADDED ENTRY--TOPICAL TERM
Topical term or geographic name entry element Colonialism
650 ## - SUBJECT ADDED ENTRY--TOPICAL TERM
Topical term or geographic name entry element Gender
942 ## - Koha item type (Biblio)
Koha item type Books in Stacks (Lending)
Holdings
Lost status Damaged status Collection code Home library Current library Shelving location Date acquired Full call number Accession Number Item type
    Lending WERC Library WERC Library Social Science Cupboard 03/31/2024 305.5 JAY 6065 Books in Stacks (Lending)

© WERC Library